Редкометальная металлогения

التفاصيل البيبلوغرافية
المؤلف الرئيسي: Скурский М. Д. Михаил Данилович
اللغة:الروسية
منشور في: Москва, Недра, 1993
الموضوعات:
التنسيق: كتاب
KOHA link:https://koha.lib.tpu.ru/cgi-bin/koha/opac-detail.pl?biblionumber=26419

MARC

LEADER 00000nam0a2200000 4500
001 26419
005 20231030201608.0
010 |a 5247026284 
035 |a (RuTPU)RU\TPU\book\26662 
035 |a BOOK00026737 
090 |a 26419 
100 |a 20011209d1993 km y0rusy50 ca 
101 0 |a rus 
102 |a RU 
105 |a а z 001zy 
200 1 |a Редкометальная металлогения  |f М. Д. Скурский 
210 |a Москва  |c Недра  |d 1993 
215 |a 271 с.  |c ил. 
320 |a Библиогр.: с. 269-271 (69 назв.). 
610 1 |a геология 
610 1 |a металлы 
610 1 |a месторождение 
610 1 |a редкие металлы 
610 1 |a эндогенные процессы 
610 1 |a металлогения 
675 |a 553.493.5  |v 3 
700 1 |a Скурский  |b М. Д.  |g Михаил Данилович 
801 0 |a RU  |b 63413507  |c 20011209  |g PSBO 
801 2 |a RU  |b 63413507  |c 20110927  |g PSBO 
942 |c BK